ARRUPE JESUIT UNIVERSITY

CORONAVIRUS -STOP THE SPREAD - CLEAN,DISINFECT,COVER

The theory of knowledge (Record no. 15716)

MARC details
000 -LEADER
fixed length control field 00661nam a2200265Ia 4500
003 - CONTROL NUMBER IDENTIFIER
control field 0100
008 - FIXED-LENGTH DATA ELEMENTS--GENERAL INFORMATION
fixed length control field 130303s9999 xx 000 0 und d
020 ## - INTERNATIONAL STANDARD BOOK NUMBER
International Standard Book Number 0195094662
040 ## - CATALOGING SOURCE
Transcribing agency ARRUPELIB
050 ## - LIBRARY OF CONGRESS CALL NUMBER
Classification number BD161.M8485 1998
300 ## - PHYSICAL DESCRIPTION
Other physical details 212 p. 25 cm
100 ## - MAIN ENTRY--PERSONAL NAME
Personal name Moser, Paul K
245 #4 - TITLE STATEMENT
Title The theory of knowledge
245 ## - TITLE STATEMENT
Remainder of title a thematic introduction
260 ## - PUBLICATION, DISTRIBUTION, ETC. (IMPRINT)
Place of publication, distribution, etc New York
260 ## - PUBLICATION, DISTRIBUTION, ETC. (IMPRINT)
Name of publisher, distributor, etc Oxford University Press
260 ## - PUBLICATION, DISTRIBUTION, ETC. (IMPRINT)
-- 1998
300 ## - PHYSICAL DESCRIPTION
Extent x
650 ## - SUBJECT ADDED ENTRY--TOPICAL TERM
Topical term or geographic name as entry element EPISTEMOLOGY
650 ## - SUBJECT ADDED ENTRY--TOPICAL TERM
Topical term following geographic name as entry element Thomas, Aquinas, Saint, 1225?-1274
650 ## - SUBJECT ADDED ENTRY--TOPICAL TERM
Location of event Summa contra gentiles
650 ## - SUBJECT ADDED ENTRY--TOPICAL TERM
Active dates Theism
700 ## - ADDED ENTRY--PERSONAL NAME
Personal name Mulder, Dwayne ; Trout, J.D
942 00 - ADDED ENTRY ELEMENTS (KOHA)
Koha issues (borrowed), all copies 1
Holdings
Withdrawn status Lost status Source of classification or shelving scheme Damaged status Not for loan Collection code Home library Current library Shelving location Date acquired Total Checkouts Full call number Barcode Date last seen Date checked out Copy number Price effective from Koha item type
    Library of Congress Classification     Main Collection ARRUPE LIBRARY ARRUPE LIBRARY   04/03/2013 15 BD161.M8485 1998 46003006346 13/05/2024 03/04/2024 1 04/03/2013 Monograph ( Printed materials)

 

Arrupe Library. PO Box MP320 Mt Pleasant, Harare, Zimbabwe
263 242 745411|librarian@aju.ac.zw